LEADER 04175nam 2200721 450 001 9910453415603321 005 20200520144314.0 010 $a1-4008-4825-3 024 7 $a10.1515/9781400848256 035 $a(CKB)2550000001179395 035 $a(EBL)1561554 035 $a(OCoLC)867317107 035 $a(SSID)ssj0001084901 035 $a(PQKBManifestationID)11583850 035 $a(PQKBTitleCode)TC0001084901 035 $a(PQKBWorkID)11035862 035 $a(PQKB)11325985 035 $a(MiAaPQ)EBC1561554 035 $a(StDuBDS)EDZ0001059519 035 $a(MdBmJHUP)muse43265 035 $a(DE-B1597)453942 035 $a(OCoLC)973400132 035 $a(OCoLC)979881840 035 $a(DE-B1597)9781400848256 035 $a(Au-PeEL)EBL1561554 035 $a(CaPaEBR)ebr10822887 035 $a(CaONFJC)MIL559534 035 $a(EXLCZ)992550000001179395 100 $a20140113d2013 uy 0 101 0 $aeng 135 $aurunu|||||||| 181 $ctxt 182 $cc 183 $acr 200 10$aAgent zero $etoward neurocognitive foundations for generative social science /$fJoshua M. Epstein 205 $aCourse Book 210 1$aPrinceton, New Jersey ;$aOxfodshire, England :$cPrinceton University Press,$d2013. 210 4$dİ2013 215 $a1 online resource (268 p.) 225 0 $aPrinceton Studies in Complexity ;$v25 225 0$aPrinceton studies in complexity 300 $aDescription based upon print version of record. 311 $a0-691-15888-6 311 $a1-306-28283-7 320 $aIncludes bibliographical references and index. 327 $tFrontmatter -- $tContents -- $tForeword -- $tPreface -- $tAcknowledgments -- $tIntroduction -- $tPart I. Mathematical Model -- $tPart II. Agent-Based Computational Model -- $tPart III. Extensions -- $tPart IV. Future Research and Conclusion -- $tAppendix I. Threshold Imputation Bounds -- $tAppendix II. Mathematica Code -- $tAppendix III. Agent_Zero NetLogo Source Code -- $tAppendix IV. Parameter Settings for Model Runs -- $tReferences -- $tIndex 330 $aThe Final Volume of the Groundbreaking Trilogy on Agent-Based ModelingIn this pioneering synthesis, Joshua Epstein introduces a new theoretical entity: Agent_Zero. This software individual, or "agent," is endowed with distinct emotional/affective, cognitive/deliberative, and social modules. Grounded in contemporary neuroscience, these internal components interact to generate observed, often far-from-rational, individual behavior. When multiple agents of this new type move and interact spatially, they collectively generate an astonishing range of dynamics spanning the fields of social conflict, psychology, public health, law, network science, and economics.Epstein weaves a computational tapestry with threads from Plato, Hume, Darwin, Pavlov, Smith, Tolstoy, Marx, James, and Dostoevsky, among others. This transformative synthesis of social philosophy, cognitive neuroscience, and agent-based modeling will fascinate scholars and students of every stripe. Epstein's computer programs are provided in the book or on its Princeton University Press website, along with movies of his "computational parables.?Agent_Zero is a signal departure in what it includes (e.g., a new synthesis of neurally grounded internal modules), what it eschews (e.g., standard behavioral imitation), the phenomena it generates (from genocide to financial panic), and the modeling arsenal it offers the scientific community. For generative social science, Agent_Zero presents a groundbreaking vision and the tools to realize it. 410 0$aPrinceton Studies in Complexity 606 $aSocial sciences$xComputer simulation 606 $aSocial sciences$xMathematical models 608 $aElectronic books. 615 0$aSocial sciences$xComputer simulation. 615 0$aSocial sciences$xMathematical models. 676 $a300.1 686 $aST 650$2rvk 700 $aEpstein$b Joshua M.$f1951-$0725113 801 0$bMiAaPQ 801 1$bMiAaPQ 801 2$bMiAaPQ 906 $aBOOK 912 $a9910453415603321 996 $aAgent zero$92487636 997 $aUNINA LEADER 01033nam 2200325 450 001 996279556003316 005 20231208083632.0 010 $a0-7381-4235-2 035 $a(CKB)3780000000092169 035 $a(NjHacI)993780000000092169 035 $a(EXLCZ)993780000000092169 100 $a20231208d1988 uy 0 101 0 $aeng 135 $aur||||||||||| 181 $ctxt$2rdacontent 182 $cc$2rdamedia 183 $acr$2rdacarrier 200 10$aANSI/IEEE Std 641-1987 /$fInstitute of Electrical and Electronics Engineers 210 1$a[Place of publication not identified] :$cIEEE,$d1988. 215 $a1 online resource (33 pages) 517 $aANSI/IEEE Std 641-1987: IEEE Standard Definitions and Characterization of Metal Nitride Oxide Semiconductor Arrays 606 $aField-effect transistors 615 0$aField-effect transistors. 676 $a621.3815284 801 0$bNjHacI 801 1$bNjHacl 906 $aDOCUMENT 912 $a996279556003316 996 $aANSI$92072434 997 $aUNISA